000 00597nam a2200241Ia 4500
003 OSt
005 20221005115613.0
006 a|||||r|||| 00| 0
007 ta
008 221004b |||||||| |||| 00| 0 tam d
024 _a46314
037 _cTextual
040 _aCRL
_cCRL
_btam
041 _2tam
_atam
082 _aO31,3M92x, J8
100 _aPillai Vaiyapuri
_9627824
245 0 _aChiru ratnaimanjari
260 _c1958
300 _a132
_ccm.
650 _aTAMIL FICTION
942 _hO31,3M92x, J8
_cTEXL
_2cc
999 _c1035348
_d1035348